000 00985nam a2200349Ia 4500
003 OSt
005 20220912144720.0
006 a|||||r|||| 00| 0
007 ta
008 220909b |||||||| |||| 00| 0 eng d
020 _a9781420093513 (hbk)
020 _aSL01535970
024 _a163225
037 _b1504, 09/12/2011, Ashutosh Technical Books
037 _cTextual
040 _aCSL
_beng
_cCSL
041 _aeng
082 _aC5:8N6, Q1 TC
100 _aPowers Peter, E
245 0 _aFundamentals of non linear optics
260 _aUSA
_bCRC
_c2011
300 _axvii;311p.
500 _aAppendix A-277, D-294p; Index 295-311p
650 _a Complex notations
650 _a Differaction
650 _a Nonlinear optics
650 _a Wave equation
650 _aPhysics
700 _aPowers Peter, E
942 _hC5:8N6, Q1 TC
_cTEXL
_2CC
999 _c16479
_d16479